000
00271nam a2200121Ia 4500
008
190216s9999||||xx |||||||||||||| ||und||
100
_a
Verma. Ps And Agarwal. Vk
245
0
_a
Genetics
260
_b
S Chand & Co
_c
1989
300
_a
580p
650
_a
Botany
942
_c
BK
999
_c
1274
_d
1274